Identification of common aspergillus species

The primary aim of this book is to provide a morphologically-based system for the identification of more common Aspergillus species. Several uncommon species are also included in order to demonstrate the breadth of variability in the genus.

محفوظ في:
التفاصيل البيبلوغرافية
المؤلف الرئيسي: Klich, Maren A.
التنسيق: كتاب
اللغة:Undetermined
منشور في: Wageingen Centraabureau Voor Schimmelcultures 2002
الموضوعات:
الوسوم: إضافة وسم
لا توجد وسوم, كن أول من يضع وسما على هذه التسجيلة!
Thư viện lưu trữ: Trung tâm Học liệu Trường Đại học Cần Thơ
LEADER 00825nam a2200193Ia 4500
001 CTU_192446
008 210402s9999 xx 000 0 und d
082 |a 579.5 
082 |b K65 
100 |a Klich, Maren A. 
245 0 |a Identification of common aspergillus species 
245 0 |c Maren A. Klich 
260 |a Wageingen 
260 |b Centraabureau Voor Schimmelcultures 
260 |c 2002 
520 |a The primary aim of this book is to provide a morphologically-based system for the identification of more common Aspergillus species. Several uncommon species are also included in order to demonstrate the breadth of variability in the genus. 
650 |a Fungal molecular biology,Aspergillus,Thực vật học (nấm cúc) 
904 |i Tuyến 
980 |a Trung tâm Học liệu Trường Đại học Cần Thơ